Dom smútku, Pezinok
Uložené v:
| Hlavný autor: | |
|---|---|
| Ďalší autori: | |
| Médium: | Rukopis Kniha |
| Jazyk: | Slovak |
| Vydavateľské údaje: |
Bratislava
2023
|
| Predmet: | |
| On-line prístup: | http://is.stuba.sk/zp/portal_zp.pl?podrobnosti=155622 |
| Tagy: |
Žiadne tagy, Buďte prvý, kto otaguje tento záznam!
|
MARC
| LEADER | 00000ntm a22000003a 4500 | ||
|---|---|---|---|
| 001 | stuzp94212 | ||
| 003 | SK-STU | ||
| 005 | 20231004094220.4 | ||
| 007 | ta | ||
| 008 | 150427s2015----xo-----f-mn---000-0-slo-d | ||
| 040 | |a STU |b slo | ||
| 041 | 0 | |a slo | |
| 100 | 1 | |a Putnokyová, Alžbeta |u 053130 |4 aut |U FAD Fakulta architektúry a dizajnu |T FAD Ústav dejín a teórie architektúry a obnovy pamiatok |X 103558 |U A3130 |Y 394 |7 103558 | |
| 242 | 0 | 1 | |a Funeral Hall, Pezinok |y eng |
| 245 | 1 | 0 | |a Dom smútku, Pezinok |
| 260 | |c 2023 |a Bratislava | ||
| 650 | 4 | |a Dom smútku |2 slo | |
| 650 | 4 | |a cintorín |2 slo | |
| 650 | 4 | |a svetlo |2 slo | |
| 650 | 4 | |a loď |2 slo | |
| 650 | 4 | |a rozlúčka |2 slo | |
| 650 | 4 | |a cemetery |2 eng | |
| 650 | 4 | |a Funeral home |2 eng | |
| 650 | 4 | |a light |2 eng | |
| 650 | 4 | |a boat |2 eng | |
| 650 | 4 | |a last farewell |2 eng | |
| 700 | 1 | |a Terao Vošková, Katarína |u 053130 |k Z2 |4 ths |U FAD Fakulta architektúry a dizajnu |T FAD Ústav dejín a teórie architektúry a obnovy pamiatok |X 38058 |U A3130 |Y 394 |7 A000038058 | |
| 856 | 4 | |u http://is.stuba.sk/zp/portal_zp.pl?podrobnosti=155622 |u https://opac.crzp.sk/?fn=detailBiblioForm&sid=C03CB0FBA6588971D13F2BD1B6BF | |